Zákon o nelegálnom zamestnávaní

Guardado en:
Detalles Bibliográficos
Autor principal: Meluchová, Jitka, 1965-
Formato: Capítulo de libro
Lenguaje:eslovaco
Etiquetas: Agregar Etiqueta
Sin Etiquetas, Sea el primero en etiquetar este registro!

MARC

LEADER 00000naa$a2200000$$$4500
001 0063220
005 20240502071726.8
041 0 |a slo 
044 |a SK 
245 1 0 |a Zákon o nelegálnom zamestnávaní  |c Jitka Meluchová 
100 1 |a Meluchová, Jitka, 1965-